| 000 | 00903nam a22002297a 4500 | ||
|---|---|---|---|
| 999 |
_c12346 _d12346 |
||
| 003 | AR-CdUCM | ||
| 008 | 190408b ||||| |||| 00| 0 spa d | ||
| 040 |
_aMUNICIPALIDAD PROVINCIAL DEL CUSCO _cBIBLIOTECA MUNICIPAL DEL CUSCO |
||
| 082 |
_aC / 985.02 / _bS21 |
||
| 100 |
_aSantillan, Fernando de _930159 |
||
| 245 | _aTres relaciones de antigüedades peruanas / | ||
| 260 |
_aParaguay : _bGuarania, _c1950. |
||
| 300 |
_a353 páginas ; _c23 cm. |
||
| 505 | _aRelación por el licenciado Fernando de santillan -- Relación anónima -- Relacion por el Dr. Joan de Santacruz Pachacuti -- El culto de tonopa de D. Samuel Lafone Quevedo... | ||
| 650 |
_aCronistas. _91200 |
||
| 650 |
_aCronicas del Perú. _930160 |
||
| 650 |
_aRelación del descubrimiento. _930161 |
||
| 700 |
_aValera, Blas _930162 |
||
| 700 |
_aSantacruz Pachacuti, Joan _930163 |
||
| 942 |
_2ddc _cLIBROS |
||
| 945 |
_awfj _d2019-04-08 |
||